| 000 | 00426nam a22001457a 4500 | ||
|---|---|---|---|
| 003 | SISC | ||
| 005 | 20181004133243.0 | ||
| 008 | 181004b xxu||||| |||| 00| 0 eng d | ||
| 050 | _aPL 6165.3 .B171 2001 | ||
| 100 | _aBadua, Zenaida S. | ||
| 245 |
_aFlorante at Laura: _bni Francisco "Balagtas" Baltazar/ |
||
| 260 |
_aManila: _bVibal Publishing House, Inc. _cc2001. |
||
| 300 |
_avi, 170 p.: _bill.; _c25 cm. |
||
| 942 |
_2lcc _cBK |
||
| 999 |
_c359225 _d359225 |
||